Secretos de la medicina del deporte
-д хадгалсан:
| Үндсэн зохиолч: | |
|---|---|
| Формат: | Ном |
| Хэл сонгох: | испани |
| Хэвлэсэн: |
Ciudad de México
McGraw-Hill Interamericana
2000
|
| Хэвлэл: | 1a. ed |
| Нөхцлүүд: | |
| Шошгууд: |
Шошго нэмэх
Шошго байхгүй, Энэхүү баримтыг шошголох эхний хүн болох!
|
MARC
| LEADER | 00000nam a2200000 a 4500 | ||
|---|---|---|---|
| 001 | UCH3163 | ||
| 003 | CL-VaPUC | ||
| 008 | 090715e20000000MX |||||||||||||||||spa|d | ||
| 020 | |a 9701027698 | ||
| 082 | 0 | 4 | |a 617.1027 |b MEL |2 21 |
| 100 | |a Mellion, Morris B. |e autor |9 538364 | ||
| 245 | 1 | 0 | |a Secretos de la medicina del deporte |
| 250 | |a 1a. ed | ||
| 300 | |a 619 p | ||
| 942 | |c BK | ||
| 945 | |d 20090715 00:00:00 |a cmena | ||
| 260 | |a Ciudad de México |b McGraw-Hill Interamericana |c 2000 | ||
| 650 | 0 | |a Medicina deportiva |9 307562 | |
| 650 | 7 | |a DEPORTISTAS |2 CL-VaPUC |9 538365 | |
| 650 | 7 | |a EXAMENES FISICOS |2 CL-VaPUC |9 538366 | |
| 650 | 0 | |a Atención médica |9 337119 | |
| 650 | 0 | |a Ejercicios físicos |9 307296 | |
| 650 | 7 | |a ENTRENAMIENTO ATLETICO |2 CL-VaPUC |9 538367 | |
| 650 | 0 | |a Nutrición deportiva |9 430508 | |
| 650 | 7 | |a LESIONES DEPORTIVAS |2 CL-VaPUC |9 334240 | |
| 650 | 0 | |a Deportes |9 224367 | |
| 583 | |a last modification |c 20090715 00:00:00 |k Rodrigo Vera | ||
| 999 | |c 334789 |d 334787 | ||
| 952 | |0 0 |1 0 |4 0 |6 617_102700000000000_MEL_2000 |7 0 |8 A |9 423976 |a BIBCUR |b BIBCUR |d 2019-11-22 |i 1087614 |o 617.1027 MEL 2000 |p 1087614 |r 2025-04-22 |w 2019-11-22 |y BK |k KIN | ||